00639cam a22002178a 4500008004100000020002500041100001800066245007900084250001200163260004700175300003500222504004100257500002000298650001500318700001900333700001800352700002400370003000100394005001700395040000900412  a9780808924326 (hbk.) aKumar, Vinay.00aRobbins basic pathology /c Vinay Kumar, Abul K. Abbas [and] Jon C. Aster. a9th ed. aPhiladelphia :bElsevier/Saunders,cc2013. axii, 910 p. :bill. ;c29 cm. aIncludes bibliographical references. aIncludes index.12aPathology.1 aAbbas, Abul K.1 aAster, Jon C.1 aRobbins, Stanley L.20250625121014.0 cNUST